000 00510nam a2200193Ia 4500
003 OSt
005 20251103183947.0
008 210423s1996 xx 000 0 und d
040 _cAL
041 _aEnglish
082 _a362.29
_bPEEA
100 _aMohammed Peer
_9114911
245 _aAlcoholism and the family
260 _aMangalore
_bKarnataka civil liberties committe
_c1996
365 _b65
_cINR
700 _aRayappan, Hilda Rayappan
_9243641
906 _aAlcoholism ; family.
942 _2ddc
_cBK
999 _c173383
_d173383